|
|
|
|
| LEADER |
00000cam a22000004a 4500 |
| 001 |
musev2_79084 |
| 003 |
MdBmJHUP |
| 005 |
20230905052143.0 |
| 006 |
m o d |
| 007 |
cr||||||||nn|n |
| 008 |
201107s2020 xx o 00 0 eng d |
| 020 |
|
|
|a 9781496830678
|
| 020 |
|
|
|z 1496830709
|
| 020 |
|
|
|z 1496830679
|
| 020 |
|
|
|z 9781496830708
|
| 020 |
|
|
|z 9781496830692
|
| 035 |
|
|
|a (OCoLC)1204133941
|
| 040 |
|
|
|a MdBmJHUP
|c MdBmJHUP
|
| 100 |
1 |
|
|a Johnson, Andre E.
|
| 245 |
1 |
0 |
|a No Future in This Country :
|b The Prophetic Pessimism of Bishop Henry McNeal Turner
|
| 264 |
|
1 |
|a Jackson :
|b University Press of Mississippi,
|c 2020.
|
| 264 |
|
3 |
|a Baltimore, Md. :
|b Project MUSE,
|c 2021
|
| 264 |
|
4 |
|c ©2020.
|
| 300 |
|
|
|a 1 online resource (214 pages).
|
| 336 |
|
|
|a text
|b txt
|2 rdacontent
|
| 337 |
|
|
|a computer
|b c
|2 rdamedia
|
| 338 |
|
|
|a online resource
|b cr
|2 rdacarrier
|
| 490 |
0 |
|
|a Race, Rhetoric, and Media Ser.
|
| 500 |
|
|
|a Description based upon print version of record.
|
| 505 |
0 |
|
|a Cover -- NO FUINTURE -IN- THIS COUNTRY -- Title -- Copyright -- CONTENTS -- ACKNOWLEDGMENTS -- INTRODUCTION The Prophetic Pessimism of Bishop Henry McNeal Turner -- 1 "AN ABOMINABLE CONCLAVE OF NEGRO HATING DEMONS" Turner and the Plessy Decision -- 2 "NEGROES SHOULD WORSHIP A GOD WHO IS A NEGRO" The Making of a Black Rhetorical Theologian -- 3 "AN UNHOLY WAR OF CONQUEST" Turner and the Creation of an Antiwar Protester -- 4 "MCKINLEY, THE GOD OF FOOL NEGROES" Turner and the Presidential Election of 1900 -- 5 "THE SALVATION OF THE NEGRO" Turner and the Rhetoric of Emigration
|
| 505 |
0 |
|
|a 6 "HELL IS AN IMPROVEMENT SO FAR AS THE NEGRO IS CONCERNED" Turner and the Damning of America -- CONCLUSION Reclaiming the Pessimistic Prophecy of Bishop Henry McNeal Turner -- NOTES -- ABOUT THE AUTHOR
|
| 520 |
|
|
|a A critical study of the career of the nineteenth-century bishop.
|
| 588 |
|
|
|a Description based on print version record.
|
| 600 |
1 |
7 |
|a Turner, Henry McNeal,
|d 1834-1915.
|2 fast
|0 (OCoLC)fst00005470
|
| 600 |
1 |
0 |
|a Turner, Henry McNeal,
|d 1834-1915.
|
| 610 |
2 |
7 |
|a Methodist Church (U.S.)
|2 fast
|0 (OCoLC)fst00541690
|
| 610 |
2 |
7 |
|a African Methodist Episcopal Church.
|2 fast
|0 (OCoLC)fst00544497
|
| 610 |
2 |
0 |
|a Methodist Church (U.S.)
|x Bishops
|v Biography.
|
| 610 |
2 |
0 |
|a African Methodist Episcopal Church
|x Bishops
|v Biography.
|
| 650 |
|
7 |
|a Bishops.
|2 fast
|0 (OCoLC)fst00833378
|
| 650 |
|
7 |
|a African Americans
|x Social conditions.
|2 fast
|0 (OCoLC)fst00799698
|
| 650 |
|
0 |
|a African Americans
|x Social conditions
|y To 1964.
|
| 655 |
|
7 |
|a Biographies.
|2 fast
|0 (OCoLC)fst01919896
|
| 655 |
|
7 |
|a Electronic books.
|2 local
|
| 710 |
2 |
|
|a Project Muse.
|e distributor
|
| 830 |
|
0 |
|a Book collections on Project MUSE.
|
| 856 |
4 |
0 |
|z Texto completo
|u https://projectmuse.uam.elogim.com/book/79084/
|
| 945 |
|
|
|a Project MUSE - Custom Collection
|
| 945 |
|
|
|a Project MUSE - 2021 Complete
|
| 945 |
|
|
|a Project MUSE - 2021 History
|
| 945 |
|
|
|a Project MUSE - 2021 American Studies
|